| 000 | 00803nam a22002177a 4500 | ||
|---|---|---|---|
| 999 |
_c20544 _d20544 |
||
| 003 | AR-CdUCM | ||
| 008 | 190531b ||||| |||| 00| 0 spa d | ||
| 020 | _a84-245-0357-0 | ||
| 040 |
_aMUNICIPALIDAD PROVINCIAL DEL CUSCO _cBIBLIOTECA MUNICIPAL DEL CUSCO |
||
| 082 |
_a364.152 / _bA51 |
||
| 110 |
_aAmnistía internacional _921957 |
||
| 245 | _aHomicidios políticos perpetrados por gobiernos / | ||
| 260 |
_aMadrid : _bFundamentos, _c1983. |
||
| 300 |
_a166 páginas ; _bFotografías, _c24 cm. |
||
| 505 | _aContenido: Homicidios políticos perpetrados por gobiernos -- Guatemala: asesinatos -- Uganda bajo el presidente Amín... | ||
| 650 |
_aDelitos políticos _99272 |
||
| 650 |
_aAsesinatos _942952 |
||
| 650 |
_aGobiernos corruptos _942953 |
||
| 942 |
_2ddc _cLIBROS |
||
| 945 |
_adavv _d2019-05-31 |
||